000
00240nam a2200097 a 4500
005
20200930075835.0
008
120123s1969 000 spa d
245
0
_a
Tratado de endocrinologĂa.
260
_a
Barcelona,
_c
1969.
999
_c
36121
_d
36121
040
_a
DO-SdBNP